Leveraging Deep Neural Network for Sentiment Analysis on Google Play Stored Data ( Thesis MS) (Record no. 69066)

MARC details
000 -LEADER
fixed length control field 00417nam a22001217a 4500
100 ## - MAIN ENTRY--AUTHOR NAME
Personal name Zulqarnain
-- 21-MSCS-13
-- Supervisor - Dr. Adnan Ahmed Arain
245 ## - TITLE STATEMENT
Title Leveraging Deep Neural Network for Sentiment Analysis on Google Play Stored Data ( Thesis MS)
260 ## - PUBLICATION, DISTRIBUTION, ETC. (IMPRINT)
Place of publication Nawabshah
Name of publisher QUEST
Year of publication 2024
300 ## - PHYSICAL DESCRIPTION
Number of Pages 90p.
700 ## - ADDED ENTRY--PERSONAL NAME
Personal name Department of Information Technology
942 ## - ADDED ENTRY ELEMENTS (KOHA)
Koha item type Thesis and Dissertation
Holdings
Withdrawn status Lost status Home library Current library Date acquired Accession Number Koha item type
    Research Section Research Section 29/06/2026 MP/99-1454 Thesis and Dissertation
    Research Section Research Section 29/06/2026 MP/99-1455 Thesis and Dissertation